000 01578pab a2200193 454500
008 180718b2009 xxu||||| |||| 00| 0 eng d
100 _aHezri, Adnan A.
245 _aAustralia's indicator-based sustainability assessments and public policy
260 _c2009
300 _ap.303-18.
362 _aSep
520 _aOperationalising sustainability has proven difficult because the concept is ambiguous and fraught with contradictions. In response, sustainability indicator systems to characterise and measure sustainable development have been developed globally. The focus of this article is on how indicators function as an instrument of policy to enhance achievement of environmental and sustainability policy in Australia at national scale. In theory, by integrating information from the environmental, social and economic domains and then feeding knowledge to a wide range of policy sectors, sustainability indicator systems may facilitate cross-agency and portfolio connectivity. Key characteristics of the various sustainability indicator systems developed to inform policy at the national level are described, noting the diverse approaches to indicator development in Australia. The structural relevance of indicator systems to the mechanisms of policy and institutions in Australia is discussed, and corresponding issues of institutional fit are analysed. - Reproduced.
650 _aPublic policy
650 _aSustainable development
700 _aDovers, Stephen R.
773 _aAustralian Journal of Public Administration
908 _aN
909 _a84099
999 _c84099
_d84099